Central Library OPAC University of Rajshahi

Introduction to the quantum theory of semiconductors / (Record no. 9428)

MARC details
000 -LEADER
fixed length control field 00785nam a2200265 4500
001 - CONTROL NUMBER
control field 9428
003 - CONTROL NUMBER IDENTIFIER
rucl marc code BD-RjUL
005 - DATE AND TIME OF LATEST TRANSACTION
control field 20211208234757.0
008 - FIXED-LENGTH DATA ELEMENTS--GENERAL INFORMATION
fixed length control field 140121s1972 nyu b 001 0 eng d
020 ## - INTERNATIONAL STANDARD BOOK NUMBER
International Standard Book Number 0677029802
035 ## - SYSTEM CONTROL NUMBER
System control number (BD-RjUL)9473
040 ## - CATALOGING SOURCE
Original cataloging agency DLC
Transcribing agency DLC
Modifying agency DLC
-- BD-RjUL
Language of cataloging eng
041 ## - LANGUAGE CODE
Language code of text/sound track or separate title eng
082 00 - DEWEY DECIMAL CLASSIFICATION NUMBER
Classification number 537.622
Author mark and year COI 1972
100 1# - MAIN ENTRY--PERSONAL NAME
Personal name Cohen, Marvin M.
9 (RLIN) 29220
245 10 - TITLE STATEMENT
Title Introduction to the quantum theory of semiconductors /
Statement of responsibility, etc. by Marvin M. Cohen.
260 ## - PUBLICATION, DISTRIBUTION, ETC. (IMPRINT)
Place of publication, distribution, etc. New York :
Name of publisher, distributor, etc. Gordon and Breach,
Date of publication, distribution, etc. 1972.
300 ## - PHYSICAL DESCRIPTION
Pagination ix, 299 p. :
Size 24 cm.
Illustrations ill.,
504 ## - BIBLIOGRAPHY, ETC. NOTE
Bibliography, etc Includes bibliographical references and index.
650 #0 - SUBJECT ADDED ENTRY--TOPICAL TERM
Topical term or geographic name as entry element Quantum electronics.
9 (RLIN) 28957
Topical term or geographic name as entry element Semiconductors.
9 (RLIN) 29221
942 ## - ADDED ENTRY ELEMENTS (KOHA)
Source of classification or shelving scheme Dewey Decimal Classification
Koha item type Books
Holdings
Lost status Source of classification or shelving scheme Damaged status Not for loan Collection code Permanent Location Current Location Shelving location Date acquired Source of acquisition Total Checkouts Full call number Date last seen Copy number Koha item type
  Dewey Decimal Classification   Not For Loan Non-fiction Central Library, University of Rajshahi Central Library, University of Rajshahi Reading Room 27/10/1992 Asia foundation   537.622 COI 1972 21/01/2014 C-1 Books